La loza dorada de Manises en el año 1454 (Record no. 116276)

MARC details
000 -LEADER
campo de control de longitud fija 00880nam a2200229 4500
001 - NÚMERO DE CONTROL
campo de control 116276
003 - IDENTIFICADOR DE NÚMERO DE CONTROL
campo de control ES-MaACL
005 - FECHA Y HORA DE LA ÚLTIMA TRANSACCIÓN
campo de control 20230906190655.0
007 - CAMPO FIJO DE DESCRIPCIÓN FÍSICA--INFORMACIÓN GENERAL
campo de control de longitud fija t|
008 - DATOS DE LONGITUD FIJA--INFORMACIÓN GENERAL
campo de control de longitud fija 061121m19061909sp r ||||1| spa d
080 ## - NÚMERO DE LA CLASIFICACIÓN DECIMAL UNIVERSAL
Número de la Clasificación Decimal Universal 738.033.5(460.313 Manises)
100 1# - ENTRADA PRINCIPAL--NOMBRE DE PERSONA
Nombre de persona Osma, G. J. de.
9 (RLIN) 87757
245 13 - MENCIÓN DEL TÍTULO
Título La loza dorada de Manises en el año 1454
Resto del título : (cartas de la reina de Aragón a don Pedro Boil.) /
Mención de responsabilidad, etc. por G. J. de Osma.
260 ## - PUBLICACIÓN, DISTRIBUCIÓN, ETC.
Lugar de publicación, distribución, etc. Madrid :
Nombre del editor, distribuidor, etc. [s.n.],
Fecha de publicación, distribución, etc. 1906 (
Fabricante Imp. de Hijos de Manuel Ginés)
300 ## - DESCRIPCIÓN FÍSICA
Extensión 66 p.,[1] h. de lám. :
Otras características físicas il. ;
Dimensiones 29 cm.
490 1# - MENCIÓN DE SERIE
Mención de serie Apuntes sobre cerámica morisca. Textos y documentos valencianos ;
Designación de volumen o secuencia 1
500 ## - NOTA GENERAL
Nota general Ejemplar numerado, nº 60.
650 #4 - PUNTO DE ACCESO ADICIONAL DE MATERIA--TÉRMINO DE MATERIA
Término de materia o nombre geográfico como elemento de entrada Cerámica de Manises.
9 (RLIN) 149913
830 0# - PUNTO DE ACCESO ADICIONAL DE SERIE-TÍTULO UNIFORME
Título uniforme Apuntes sobre cerámica morisca. Textos y documentos valencianos ;
Designación de volumen o secuencia 1
9 (RLIN) 191198
852 ## - LOCALIZACIÓN
Ubicación ES-MaACL
Número de control de estantería B-11471(1)
Holdings
Estatus retirado Estado de pérdida Estado de daño No para préstamo Biblioteca de origen Biblioteca actual Ubicación en estantería Fecha de adquisición Fuente de adquisición Total de préstamos Signatura topográfica completa Código de barras Visto por última vez Precio de reemplazo Tipo de ítem Koha
        Biblioteca del Ateneo de Madrid Biblioteca del Ateneo de Madrid Sala Pardo Bazán 17/01/2008     B-11471(1) 1121252 23/02/2023 23/02/2023 Libro impreso